000 00617nam a2200193Ia 4500
003 IN-BaIIA
008 211028s9999 xx 000 0 eng d
020 _a0-460-4335-8
040 _cIIA Library
080 _a52-37
_bHOY
100 _aHoyle, Fred
_92304
245 0 _aLifecloud
_bthe origin of life in the universe
_cFred, Hoyle and Chandra Wickramasinghe
260 _aLondon
_bJ. M. Dent & Sons
_c1978
300 _a189p.
650 _aAstronomy and astrophysics thesaurus
650 _aOrigin of life
_93519
700 _aWickramasinghe, Chandra
_910918
942 _cBK
999 _c6362
_d6362